Normal view
MARC view
- Shakespeare, William,
Entry Personal Name
001 - CONTROL NUMBER
- control field: 3310
003 - CONTROL NUMBER IDENTIFIER
- control field: NUST
005 - DATE AND TIME OF LATEST TRANSACTION
- control field: 20170717104423.0
008 - FIXED-LENGTH DATA ELEMENTS
- fixed length control field: 170717|| aca||aabn | a|a d
040 ## - CATALOGING SOURCE
- Original cataloging agency: NUST
- Transcribing agency: NUST
100 ## - HEADING--PERSONAL NAME
- Personal name: Shakespeare, William,
- Dates associated with a name: 1564-1616.
670 ## - SOURCE DATA FOUND
- Source citation: Work cat.: (NUST)0: Shakespeare, William, 1564-1616., Measure for measure;, 2005.
